000 00290nam a2200121Ia 4500
008 220204s9999 xx 000 0 und d
082 _a658.311(035)
_bUNG
245 0 _aRecruitment handbook
250 _aEd.3
260 _aEngland
_bGower
_c1975
700 _aUngerson, Bernard
942 _cBK
999 _c38403
_d38403